Tax increment financing (Record no. 114581)

MARC details
000 -LEADER
fixed length control field 00997cad a22002775a 4500
001 - CONTROL NUMBER
control field L157082
008 - FIXED-LENGTH DATA ELEMENTS--GENERAL INFORMATION
fixed length control field 120829s2012 xxk f 000 0 eng d
020 ## - INTERNATIONAL STANDARD BOOK NUMBER
International Standard Book Number 9781842198193
035 ## - SYSTEM CONTROL NUMBER
System control number (Sirsi) u157082
041 0# - LANGUAGE CODE
Language code of text/sound track or separate title eng
100 1# - MAIN ENTRY--PERSONAL NAME
Personal name Hutchison, Norman
245 00 - TITLE STATEMENT
Title Tax increment financing
Remainder of title an opportunity for the UK?
Medium [electronic resource]
260 ## - PUBLICATION, DISTRIBUTION, ETC.
Place of publication, distribution, etc. London
Name of publisher, distributor, etc. RICS
Date of publication, distribution, etc. 2012
490 #0 - SERIES STATEMENT
Series statement RICS Research
520 ## - SUMMARY, ETC.
Summary, etc. This report critically examines the Tax Increment Financing models that are operational in the US to identify lessons that can be learned prior to possible adoption in the UK
651 #4 - SUBJECT ADDED ENTRY--GEOGRAPHIC NAME
Geographic name United Kingdom
Chronological subdivision
651 #4 - SUBJECT ADDED ENTRY--GEOGRAPHIC NAME
Geographic name United States
690 ## - LOCAL SUBJECT ADDED ENTRY--TOPICAL TERM (OCLC, RLIN)
Topical term or geographic name as entry element Finance and taxation
700 1# - ADDED ENTRY--PERSONAL NAME
Personal name Liu, Nan
700 1# - ADDED ENTRY--PERSONAL NAME
Personal name Adair, Alastair
700 1# - ADDED ENTRY--PERSONAL NAME
Personal name Berry, Jim
700 1# - ADDED ENTRY--PERSONAL NAME
Personal name Haran, Martin
700 1# - ADDED ENTRY--PERSONAL NAME
Personal name McGreal, Stanley
856 40 - ELECTRONIC LOCATION AND ACCESS
Uniform Resource Identifier <a href="https://www.rics.org/Global/Tax_Increment_Financing_290212_dwl_aj.pdf">https://www.rics.org/Global/Tax_Increment_Financing_290212_dwl_aj.pdf</a>
Public note View the main report free of charge at www.rics.org
942 ## - ADDED ENTRY ELEMENTS (KOHA)
Suppress in OPAC 0
Holdings
Withdrawn status Lost status Source of classification or shelving scheme Damaged status Not for loan Home library Current library Shelving location Date acquired Total Checkouts Full call number Barcode Date last seen Copy number Price effective from Koha item type
    Dewey Decimal Classification     London London RICS Boxes 09/01/2013   RICS 2012/25 30077321 06/08/2019 1 06/08/2019 Book
    Dewey Decimal Classification     Virtual Virtual Online 29/08/2012   ONLINE PUBLICATION 157082-2001 06/08/2019 1 06/08/2019 Book